1840 1653 1076 1327 1194 1208 1761 1425 1161 1239 1522 1096 1723 1168 1805 1990 1474 1641 1385 1109 1582 1581 1458 1734 1748 1323 1699 1357 1890 1897 1545 1338 1528 1570 1947 1492 1998 1871 1079 1076 1577 1097 1819 1699 1980 1401 1482 1543 1718 1924 1793 1192 1489 1246 1667 1396 1722 1521 1947 1247 1816 1451 1388 1307 1107 1771 1647 1691 1026 1705 1260 1939 1593 1522 1679 1466 1419 1793 1912 1914 1331 1919 1648 1113 1546 1369 1919 1788 1767 1051 1079 1941 1435 1306 1833 1364 1905 1141 1893 BCNSPRNW ULIB Ver.6.0+V

เปลี่ยนเป็นภาษาไทย

Change to English
 แสดงรายละเอียดบรรณานุกรม
  กลับหน้าหลัก

Brief Record : Get Marc (ISO 2709) : E-mail record : QR code < ปิดหน้าต่าง
LEADER : 00000nam 2200000uu 4500
001    13399121353
003     ULIB
008    110627s2545||||th 000 0 tha d
020    9742949018
099    วจ.WT120^bช615ร
100 0  ชุติกาญจน์ ฉัตรรุ่งเรือง
245 00 ภาวะสุขภาพและพฤติกรรมส่งเสริมสุขภาพของผู้สูงอายุในชุมชน/^cชุติกาญจน์ ฉัตรรุ่งเรือง,นพนันท์ สิงห์ลาว
260    สุพรรณบุรี :^bวิทยาลัยพยาบาล บรมราชชนนี สุพรรณบุรี,^c2545
300    88 หน้า
650  7 การส่งเสริมสุขภาพผู้สูงอายุ^xวิจัย
650  7 ผู้สูงอายุ^xสุขภาพ^xวิจัย
700 0  นพนันท์ สิงห์ลาว
945    ^p0^l0^i033090
995    ทศพร
999 ^a ใช้งานได้ทุกระบบ
รายการนี้ยังไม่มีแท็ก
คุณยังไม่ได้ล็อกอิน คุณสามารถมีกิจกรรมร่วมกับเว็บไซต์ได้ แต่ต้องล็อกอินก่อน ::
  ล็อกอิน

รายการสื่อสารสนเทศ

ลำดับที่ ประเภท เลขเรียก/บาร์โค้ด สถานที่ สถานะ
1. งานวิจัย
งานวิจัย
วจ.WT120 ช615ร ฉ.1 
  Barcode: 033090
ห้องสมุดวิทยาเขตสวรรค์ประชารักษ์
►วิจัย
บนชั้น

รายการใกล้เคียง
    ผู้แต่ง [ชุติกาญจน์ ฉัตรรุ่งเรือง]

BibComment


ยังไม่เคยถูกคอมเมนท์

คอมเมนท์ทรัพยากรรายการนี้
  คอมเมนท์: ภาวะสุขภาพและพฤติ..


 Copyright 2026. Bcnsprnw @Library